00222nam a2200085Ia 4500008004100000100001800041245002900059260003900088260000900127170620s9999 xx 000 0 und d aSharma- A. S. 0aDictionary of Psychology bNew Delhi- Commonwealth Publishers c2007